[Event "Kaunas Butnorius 70 op"]
[Site "Kaunas"]
[Date "2016.08.03"]
[Round "5"]
[White "Mecelica, Erikas"]
[Black "Markova, Kristyna"]
[Result "1/2-1/2"]
[WhiteElo "1127"]
[BlackElo "1536"]
[PlyCount "74"]
[EventDate "2016.08.01"]
[EventType "swiss"]
[EventRounds "9"]
[EventCountry "LTU"]
[SourceTitle "CBM 173 Extra"]
[Source "ChessBase"]
[SourceDate "2016.08.29"]
[SourceVersion "1"]
[SourceVersionDate "2016.08.29"]
[SourceQuality "1"]

1. e4 e5 2. Nf3 Nf6 3. Nc3 Bb4 4. d3 d5 5. exd5 Nxd5 6. Bd2 Nc6 7. a3 Bxc3 8. bxc3 0-0 9. g3 Re8 10. c4 Nf6 11. Be3 Bg4 12. Bg2 Nd4 13. 0-0 Qe7 14. Bxd4 exd4 15. Re1 Qd6 16. Qc1 Bxf3 17. Bxf3 c6 18. Qb2 b6 19. Qb4 Rxe1+ 20. Rxe1 Qxb4 21. axb4 Rc8 22. Ra1 Rc7 23. Re1 Kf8 24. h4 c5 25. b5 Re7 26. Ra1 h6 27. Kf1 g5 28. hxg5 hxg5 29. Re1 g4 30. Bd1 Rxe1+ 31. Kxe1 Ke7 32. f3 gxf3 33. Bxf3 Ke6 34. Kf2 Kf5 35. Ke2 Ng4 36. Kd2 Ne3 37. Be2 Ke5 1/2-1/2

[Event "Kaunas Butnorius 70 op"]
[Site "Kaunas"]
[Date "2016.08.02"]
[Round "3"]
[White "Mecelica, Erikas"]
[Black "Szotkowski, David"]
[Result "0-1"]
[WhiteElo "1127"]
[BlackElo "1759"]
[PlyCount "68"]
[EventDate "2016.08.01"]
[EventType "swiss"]
[EventRounds "9"]
[EventCountry "LTU"]
[SourceTitle "CBM 173 Extra"]
[Source "ChessBase"]
[SourceDate "2016.08.29"]
[SourceVersion "1"]
[SourceVersionDate "2016.08.29"]
[SourceQuality "1"]

1. e4 c5 2. d4 cxd4 3. c3 dxc3 4. Bc4 Nc6 5. Nxc3 Nf6 6. Nf3 g6 7. Bf4 d6 8. e5 Nh5 9. Bg3 Nxg3 10. hxg3 Bg4 11. exd6 Bxf3 12. Qxf3 e6 13. Ne4 Bg7 14. 0-0-0 0-0 15. g4 Ne5 16. Qh3 h6 17. Be2 Qb6 18. b3 Qc6+ 19. Nc3 Rac8 20. Kc2 Qe4+ 21. Kb2 Rxc3 22. Qxc3 Nd3+ 23. Bxd3 Bxc3+ 24. Kxc3 Rc8+ 25. Kb2 Qxg2 26. Rhf1 Qxg4 27. Bc4 Rd8 28. Rg1 Qf5 29. f4 Qxf4 30. d7 Kg7 31. Rde1 Qc7 32. Bb5 Qb6 33. Bc4 Qc6 34. Rc1 Qxd7 0-1

[Event "Kaunas Butnorius 70 op"]
[Site "Kaunas"]
[Date "2016.08.01"]
[Round "1"]
[White "Mecelica, Erikas"]
[Black "Lazaravicius, Aras Jonas"]
[Result "0-1"]
[WhiteElo "1127"]
[BlackElo "1858"]
[PlyCount "94"]
[EventDate "2016.08.01"]
[EventType "swiss"]
[EventRounds "9"]
[EventCountry "LTU"]
[SourceTitle "CBM 173 Extra"]
[Source "ChessBase"]
[SourceDate "2016.08.29"]
[SourceVersion "1"]
[SourceVersionDate "2016.08.29"]
[SourceQuality "1"]

1. e4 c5 2. d4 cxd4 3. c3 d3 4. Bxd3 e6 5. Bf4 Nf6 6. Nf3 Be7 7. Nbd2 a6 8. 0-0 0-0 9. Be3 d6 10. Nc4 Nbd7 11. Bg5 b5 12. Bxf6 Nxf6 13. e5 bxc4 14. exf6 Bxf6 15. Bxc4 Qc7 16. Bd3 Bb7 17. Be2 Qc6 18. Qc2 Rac8 19. Rad1 Rfd8 20. Qb3 g6 21. Qb4 Rd7 22. Qf4 Bg7 23. Qg4 f5 24. Qg3 e5 25. Nh4 Rf8 26. b3 d5 27. Rc1 Bh6 28. Rcd1 Bf4 29. Qh3 e4 30. g4 Bg5 31. gxf5 Bxh4 32. Qxh4 gxf5 33. Qh3 Rf6 34. Kh1 e3 35. f3 Qxc3 36. Rd3 Qe5 37. Qh4 Rg7 38. Rb1 f4 39. Rbd1 Qf5 40. Rd4 Qg6 41. Qh3 Qc2 42. Qf1 Qg6 43. Bd3 Qh6 44. Qe2 Qg5 45. a4 Rh6 46. b4 Qg3 47. Bf5 Rxh2+ 0-1

[Event "Panevezys op-C"]
[Site "Panevezys"]
[Date "2016.06.12"]
[Round "8"]
[White "Gnizinskas, Kipras"]
[Black "Mecelica, Erikas"]
[Result "0-1"]
[WhiteElo "1110"]
[BlackElo "1133"]
[PlyCount "35"]
[EventDate "2016.06.09"]
[EventType "swiss"]
[EventRounds "8"]
[EventCountry "LTU"]
[SourceTitle "CBM 172 Extra"]
[Source "ChessBase"]
[SourceDate "2016.06.21"]
[SourceVersion "1"]
[SourceVersionDate "2016.06.21"]
[SourceQuality "1"]

1. e4 e5 2. Nf3 Nc6 3. d4 exd4 4. Nxd4 Bc5 5. Be3 Bxd4 6. Bxd4 Nf6 7. Nc3 d6 8. Bc4 Be6 9. Be2 0-0 10. 0-0 Re8 11. Qd2 h6 12. Rad1 Bd7 13. Bxf6 Qxf6 14. Nd5 Qd8 15. Qf4 Ne5 16. Bh5 Ng6 17. Bxg6 fxg6 18. Rd3 0-1

[Event "Kaunas Naujametinis U16 op"]
[Site "Kaunas"]
[Date "2016.01.04"]
[Round "1"]
[White "Mecelica, Erikas"]
[Black "Sutkevicius, Lukas"]
[Result "0-1"]
[WhiteElo "1082"]
[BlackElo "1602"]
[PlyCount "32"]
[EventDate "2016.01.04"]
[EventType "swiss"]
[EventRounds "6"]
[EventCountry "LTU"]
[SourceTitle "CBM 170 Extra"]
[Source "ChessBase"]
[SourceDate "2016.02.25"]
[SourceVersion "1"]
[SourceVersionDate "2016.02.25"]
[SourceQuality "1"]

1. g3 d5 2. Nf3 Nf6 3. Bg2 e6 4. 0-0 Bd6 5. d4 0-0 6. Bg5 h6 7. Bxf6 Qxf6 8. e3 Nd7 9. c3 c5 10. Nbd2 b6 11. Qc2 Ba6 12. Rfe1 Rfd8 13. e4 Bf8 14. e5 Qg6 15. Qxg6 fxg6 16. a4 Rac8 0-1